| 000 | 00851nam a2200241Ia 4500 | ||
|---|---|---|---|
| 001 | 10358 | ||
| 003 | GE_BSU | ||
| 008 | 181216s||||||||xx |||||||||||||| ||und|| | ||
| 040 | _cGE_BSU | ||
| 080 | _a821.353.1–11 | ||
| 100 | _aფეშანგი | ||
| 245 | _aშაჰნავაზიანი | ||
| 245 | _bისტორიული რომანი | ||
| 245 | _cრედ.გ.ლეონიძე,ს.იორდანიშვილი.რედ.შ.რადიანი | ||
| 260 | _aტფილისი | ||
| 260 | _bსახელგამი | ||
| 260 | _c1935 | ||
| 300 | _a216გვ.24სმ. | ||
| 300 | _eსაძიებელი და ლექსიკონი გვ.191-214 | ||
| 653 | _aისტორიული რომანი | ||
| 653 | _aშაჰნავაზიანი | ||
| 942 | _cBK | ||
| 999 |
_c43623 _d43623 |
||